| 000 | 00747nam a22002417a 4500 | ||
|---|---|---|---|
| 999 |
_c4105 _d4105 |
||
| 003 | AR-CdUCM | ||
| 008 | 190307b ||||| |||| 00| 0 spa d | ||
| 040 |
_aMUNICIPALIDAD PROVINCIAL DEL CUSCO _cBIBLIOTECA MUNICIPAL DEL CUSCO |
||
| 041 | _h-fri | ||
| 082 |
_22 ed. _a415 / _bG19 |
||
| 100 |
_aGuiraud, Pierre _910818 |
||
| 245 | _aLa gramática / | ||
| 260 |
_aBuenos Aires : _bEUDEBA, _c1964. |
||
| 300 |
_a119 páginas ; _c19 cm. |
||
| 440 |
_aCuadernos de EUDEBA _n13 _913015 |
||
| 500 | _aTítulo original : "La grammaire" | ||
| 650 |
_aGramática _99175 |
||
| 650 |
_aEl Sentido y la forma _913016 |
||
| 650 |
_aGramática normativa _913017 |
||
| 700 |
_aMaljuri, Abelardo (Traductor) _913018 |
||
| 942 |
_2ddc _cLIBROS |
||
| 945 | _araen | ||